El asesinato de Elena Garro : (Record no. 76243)

MARC details
000 -LEADER
fixed length control field 00660nam a22001817a 4500
008 - FIXED-LENGTH DATA ELEMENTS--GENERAL INFORMATION
fixed length control field 140805t mx||||| |||| 00| 0 spa d
020 ## - INTERNATIONAL STANDARD BOOK NUMBER
International Standard Book Number 9700761592
050 04 - LIBRARY OF CONGRESS CALL NUMBER
Classification number PQ7297.G35
Item number R67 2005
245 03 - TITLE STATEMENT
Title El asesinato de Elena Garro :
Remainder of title periodismo a través de una perspectiva biográfica /
Statement of responsibility, etc comp. Patricia Rosas Lopátegui
250 ## - EDITION STATEMENT
Edition statement 1a ed.
260 ## - PUBLICATION, DISTRIBUTION, ETC. (IMPRINT)
Place of publication, distribution, etc México :
Name of publisher, distributor, etc Universidad Autonoma del Estado de Morelos,
Date of publication, distribution, etc 2005
300 ## - PHYSICAL DESCRIPTION
Extent 479 p. :
Other physical details il.;
Dimensions 28 cm.
504 ## - BIBLIOGRAPHY, ETC. NOTE
Bibliography, etc Incluye bibliografias e índice
600 14 - SUBJECT ADDED ENTRY--PERSONAL NAME
Personal name Garro, Elena,
Dates associated with a name 1920-1998
650 #7 - SUBJECT ADDED ENTRY--TOPICAL TERM
Source of heading or term LEMB
Topical term or geographic name as entry element Critica
General subdivision Interpretación
700 1# - ADDED ENTRY--PERSONAL NAME
Personal name Rosas Lopátegui, Patricia, comp.
942 ## - ADDED ENTRY ELEMENTS (KOHA)
Source of classification or shelving scheme Clasificación Decimal Dewey
Koha item type Libro
Holdings
Estado de pérdida Fuente de clasificación Estado del daño No para préstamo Ubicación permanente Ubicación actual Apartado o colección Fecha de adquisición Fuente de adquisición Área del conocimiento Clasificación Código de Barras Date last seen Número de copia Tipo de recurso
  Biblioteca del Cogreso de los Estados Unidos     Biblioteca del Posgrado en Derecho Biblioteca del Posgrado en Derecho General 05/08/2014     PQ7297.G35 R67 2005 BPD000000184 16/01/2015 C:1 Libro
  Biblioteca del Cogreso de los Estados Unidos     Biblioteca del Posgrado en Derecho Biblioteca del Posgrado en Derecho General 05/08/2014     PQ7297.G35 R67 2005 BPD000000185 16/01/2015 C:2 Libro